Normal view
MARC view
- Dr. Muhammad Faraz Bhatti.
Entry Personal Name
001 - CONTROL NUMBER
- control field: 19402
003 - CONTROL NUMBER IDENTIFIER
- control field: NUST
005 - DATE AND TIME OF LATEST TRANSACTION
- control field: 20190821094518.0
008 - FIXED-LENGTH DATA ELEMENTS
- fixed length control field: 190821|| aca||aabn | a|a d
040 ## - CATALOGING SOURCE
- Original cataloging agency: NUST
- Transcribing agency: NUST
100 ## - HEADING--PERSONAL NAME
- Personal name: Dr. Muhammad Faraz Bhatti.
670 ## - SOURCE DATA FOUND
- Source citation: Work cat.: (NUST): Siddiqa, Abida 19401, Molecular Characterisation of High Risk Human Papillomvirus (HPV) Gentyping, Genome Analysis and Functional Interaction Between HPV 16 E2 And L1
